|
|
|
|
| LEADER |
00000nam a2200000 a 4500 |
| 001 |
vtls001358377 |
| 003 |
SK-MaSNL |
| 005 |
20260301010602.0 |
| 008 |
251031s1998 xo a r 0 cze |
| 015 |
|
|
|a SNBA1999/06-02006
|
| 020 |
|
|
|a 8088879329
|
| 035 |
|
|
|a SNK000311898
|
| 040 |
|
|
|a SNK
|b slo
|c SNK
|e AACR2
|
| 041 |
1 |
|
|a cze
|h ger
|
| 044 |
|
|
|a xo
|c SK
|
| 080 |
|
|
|a 636.7.08(035)=850
|2 1981
|
| 100 |
1 |
|
|a Lehmann, Ute
|4 aut
|9 292625
|
| 240 |
1 |
0 |
|a Chihuahua
|l Česky
|
| 245 |
1 |
0 |
|a Čivava
|b výběr, držení, péče, výchova
|c Ute Lehmannová ; [z německého originálu přeložila Pavla Fajtová]
|
| 260 |
|
|
|a Bratislava
|b Art Area
|c 1998
|
| 300 |
|
|
|a 80 s.
|b fareb. fotogr.
|c 20 cm
|
| 500 |
|
|
|a Rozlož. fareb. fotogr. na tit. strane
|
| 500 |
|
|
|a Údaj o prekl. prevzatý z rubu tit. strany
|
| 504 |
|
|
|a Reg.
|
| 650 |
0 |
7 |
|a čivava
|2 SNK
|9 87781
|
| 650 |
0 |
7 |
|a plemená psov
|2 SNKPH
|9 73412
|
| 655 |
|
7 |
|a príručky
|2 SNK
|9 74364
|
| 700 |
1 |
|
|a Fajtová, Pavla
|4 trl
|9 292626
|
| 919 |
|
|
|a 80-88879-32-9
|
| 958 |
|
|
|a TL
|
| 958 |
|
|
|a OP
|
| 958 |
|
|
|a NS
|
| 958 |
|
|
|a CZ
|
| 958 |
|
|
|a DB
|
| 968 |
|
|
|a Čes
|b DT
|
| 999 |
|
|
|c 548557
|d 550487
|
| 952 |
|
|
|t P60, <03>, [BOOK], {603}
|a SNK
|b SNK
|y PREZ
|7 0
|p 17A0185203
|o snkSD 69917
|i snkKSP 3108/99
|0 0
|1 0
|4 0
|d 1999-03-24
|l 0
|r 2005-01-02 00:00:00
|w 2026-02-23
|
| 952 |
|
|
|t P60, <09>, [BOOK], {629}
|a SNK
|b SNK
|y NEVYP
|7 0
|o snkC 219
|i snk427/990325
|0 0
|1 0
|4 0
|d 1999-03-24
|l 0
|r 2005-01-02 00:00:00
|w 2026-02-23
|
| 952 |
|
|
|t P60, <04>, [BOOK], {604}
|a SNK
|b SNK
|y VYP
|7 0
|p 17A0185204
|o snkSD 69917 D1
|i snkKSP 3109/99
|0 0
|1 0
|4 0
|d 1999-03-24
|l 0
|r 2005-01-02 00:00:00
|w 2026-02-23
|